[Event "Locarno op 7th"]
[Site "Locarno"]
[Date "2022.04.10"]
[Round "5"]
[White "Kittler, Laszlo"]
[Black "Rueger, Alexander"]
[Result "0-1"]
[WhiteElo "1354"]
[BlackElo "1816"]
[PlyCount "44"]
[EventDate "2022.04.08"]
[EventType "swiss"]
[EventRounds "5"]
[EventCountry "SUI"]
[SourceTitle "CBM 207 Extra"]
[Source "ChessBase"]
[SourceDate "2022.05.31"]
[SourceVersion "1"]
[SourceVersionDate "2022.05.31"]
[SourceQuality "1"]

1. d4 Nf6 2. Nf3 b6 3. g3 Bb7 4. Bg2 e6 5. 0-0 Be7 6. c4 0-0 7. Nc3 Ne4 8. d5 Nxc3 9. bxc3 Bf6 10. Ba3 d6 11. Nd4 e5 12. Nf5 g6 13. Nh6+ Kh8 14. Ng4 Bg7 15. e4 f5 16. Ne3 Bc8 17. Bb2 Na6 18. exf5 gxf5 19. f4 Qe7 20. fxe5 Bxe5 21. Qc2 f4 22. Nf5 Bxf5 0-1

[Event "Locarno op 7th"]
[Site "Locarno"]
[Date "2022.04.09"]
[Round "3"]
[White "Mastroddi, Emiliano"]
[Black "Rueger, Alexander"]
[Result "1-0"]
[WhiteElo "2013"]
[BlackElo "1816"]
[PlyCount "123"]
[EventDate "2022.04.08"]
[EventType "swiss"]
[EventRounds "5"]
[EventCountry "SUI"]
[SourceTitle "CBM 207 Extra"]
[Source "ChessBase"]
[SourceDate "2022.05.31"]
[SourceVersion "1"]
[SourceVersionDate "2022.05.31"]
[SourceQuality "1"]

1. e4 c5 2. Nf3 Nc6 3. d4 cxd4 4. Nxd4 Nf6 5. Nc3 e6 6. Ndb5 Bb4 7. a3 Bxc3+ 8. Nxc3 d5 9. exd5 exd5 10. Bd3 d4 11. Ne4 Bf5 12. Bg5 Bxe4 13. Bxe4 Qa5+ 14. Bd2 Qe5 15. f3 0-0 16. 0-0 Nxe4 17. fxe4 Qxe4 18. Rf4 Qd5 19. Be1 Rad8 20. Qf3 Qxf3 21. Rxf3 Rfe8 22. Kf1 Ne5 23. Rb3 b6 24. h3 Nc4 25. Rc1 Rd5 26. Rb4 b5 27. a4 a6 28. axb5 axb5 29. Rb3 Ne3+ 30. Kg1 Rc8 31. Kh2 Rxc2 32. Rxe3 dxe3 33. Rxc2 f5 34. g3 g5 35. Kg2 g4 36. h4 Kf7 37. Kf1 Kf6 38. Ke2 f4 39. gxf4 Kf5 40. Kxe3 h5 41. b4 Rd1 42. Rc5+ Kg6 43. f5+ Kf7 44. Bg3 Rb1 45. Rxb5 Rb3+ 46. Kf2 Rb2+ 47. Kg1 Rb1+ 48. Kg2 Rb2+ 49. Kf1 Rb1+ 50. Ke2 Rb2+ 51. Ke3 Rb3+ 52. Kf4 Rf3+ 53. Kg5 Rxg3 54. Rb7+ Ke8 55. Kxh5 Rg1 56. f6 g3 57. f7+ Kf8 58. Kg6 Rf1 59. Rb8+ Ke7 60. Re8+ Kd7 61. Re2 Rf4 62. h5 1-0

[Event "Davos Summer op"]
[Site "Davos"]
[Date "2021.08.06"]
[Round "3"]
[White "Rueger, Alexander"]
[Black "Wagner, Victoria"]
[Result "1-0"]
[WhiteElo "1843"]
[BlackElo "1657"]
[PlyCount "79"]
[EventDate "2021.08.05"]
[EventType "swiss"]
[EventRounds "5"]
[EventCountry "SUI"]
[SourceTitle "EXT 2022"]
[Source "ChessBase"]
[SourceDate "2021.10.06"]
[SourceVersion "1"]
[SourceVersionDate "2021.10.06"]
[SourceQuality "1"]

1. d4 d5 2. e3 Nf6 3. Bd3 e6 4. Nd2 c5 5. c3 c4 6. Bc2 b5 7. f4 Nbd7 8. Ngf3 Bb7 9. Ne5 Be7 10. Qf3 b4 11. 0-0 0-0 12. g4 Rb8 13. g5 Nxe5 14. dxe5 Ne4 15. Nxe4 dxe4 16. Bxe4 Bxe4 17. Qxe4 bxc3 18. bxc3 Qd3 19. Qxd3 cxd3 20. Rd1 Rfd8 21. Kf2 Bc5 22. Kf3 Rd7 23. Ke4 Rbd8 24. Rd2 f5+ 25. gxf6 gxf6 26. exf6 Kf7 27. Bb2 Rb7 28. Rg1 Bf8 29. Ba1 Rbd7 30. c4 Rc8 31. Rxd3 Rxc4+ 32. Rd4 Rdxd4+ 33. Bxd4 Ra4 34. Rg2 a5 35. Rc2 Rxd4+ 36. Kxd4 Kxf6 37. Rc8 Bd6 38. Rc6 Bb4 39. e4 Kf7 40. Ke5 1-0

[Event "Wuerttemberg-ch KT"]
[Site "Stuttgart"]
[Date "2010.08.31"]
[Round "4"]
[White "Schoembs, Oliver"]
[Black "Rueger, Alexander"]
[Result "0-1"]
[WhiteElo "1938"]
[BlackElo "1967"]
[PlyCount "76"]
[EventDate "2010.08.28"]
[EventType "swiss"]
[EventRounds "9"]
[EventCountry "GER"]
[SourceTitle "EXT 2017"]
[Source "ChessBase"]
[SourceDate "2016.10.25"]
[SourceVersion "1"]
[SourceVersionDate "2016.10.25"]
[SourceQuality "1"]

1. d4 Nf6 2. c4 e6 3. Nc3 Bb4 4. Qc2 0-0 5. a3 Bxc3+ 6. Qxc3 Ne4 7. Qc2 f5 8. h4 b6 9. e3 Bb7 10. Bd3 a5 11. f3 Nf6 12. Bd2 d6 13. 0-0-0 Nbd7 14. Nh3 Qe7 15. e4 fxe4 16. fxe4 e5 17. d5 h6 18. g4 Nxg4 19. Rdg1 Ndf6 20. Rg2 Bc8 21. Be2 Kh8 22. h5 Rf7 23. Ng1 Nxe4 24. Qxe4 Bf5 25. Qf3 e4 26. Qc3 Ne5 27. Nh3 Re8 28. Be3 Nd3+ 29. Kb1 Qd7 30. Rhg1 Bxh3 31. Rg6 Ne5 32. R6g3 Bf5 33. Ka2 Ree7 34. Rf1 c5 35. dxc6 Qxc6 36. Rc1 d5 37. Qd4 Be6 38. cxd5 Qxd5+ 0-1

[Event "Wuerttemberg-ch KT"]
[Site "Stuttgart"]
[Date "2010.08.30"]
[Round "3"]
[White "Rueger, Alexander"]
[Black "Feller, Florian"]
[Result "0-1"]
[WhiteElo "1967"]
[BlackElo "1912"]
[PlyCount "50"]
[EventDate "2010.08.28"]
[EventType "swiss"]
[EventRounds "9"]
[EventCountry "GER"]
[SourceTitle "EXT 2017"]
[Source "ChessBase"]
[SourceDate "2016.10.25"]
[SourceVersion "1"]
[SourceVersionDate "2016.10.25"]
[SourceQuality "1"]

1. Nf3 Nf6 2. d4 e6 3. c4 b6 4. a3 Bb7 5. Nc3 Be7 6. Qc2 d5 7. Bf4 0-0 8. cxd5 Nxd5 9. Nxd5 Qxd5 10. Qxc7 Re8 11. e3 Na6 12. Qc4 Qa5+ 13. Nd2 Bb4 14. Rd1 Bxd2+ 15. Rxd2 Rac8 16. Qa2 Rc1+ 17. Ke2 Qb5+ 18. Rd3 Rec8 19. e4 Bxe4 20. Qb3 Bxd3+ 21. Qxd3 Qxb2+ 22. Bd2 R1c2 23. Qxa6 Rxd2+ 24. Kf3 Qc3+ 25. Kg4 Rxd4+ 0-1

[Event "Wuerttemberg-ch Cand"]
[Site "Lindau"]
[Date "2009.09.05"]
[Round "8"]
[White "Steinbach, Peter"]
[Black "Rueger, Alexander"]
[Result "0-1"]
[WhiteElo "2064"]
[BlackElo "2006"]
[PlyCount "72"]
[EventDate "2009.08.29"]
[EventType "swiss"]
[EventRounds "9"]
[EventCountry "GER"]
[SourceTitle "EXT 2023"]
[Source "ChessBase"]
[SourceDate "2022.10.05"]
[SourceVersion "1"]
[SourceVersionDate "2022.10.05"]
[SourceQuality "1"]

1. d4 Nf6 2. Bg5 Ne4 3. Bf4 d5 4. f3 Nf6 5. Nc3 Bf5 6. e3 e6 7. h4 h6 8. g4 Bh7 9. Bd3 Bxd3 10. Qxd3 Bd6 11. Nh3 Nc6 12. 0-0-0 Qd7 13. g5 Nh5 14. Bxd6 cxd6 15. e4 dxe4 16. fxe4 0-0-0 17. Qf3 hxg5 18. hxg5 Qe7 19. Qg4 Kb8 20. Ng1 g6 21. Nf3 a6 22. Rhe1 Na5 23. Nd2 e5 24. Nb3 Nc4 25. Nd5 Qe6 26. Qe2 Rc8 27. Rf1 Ng3 28. Qf2 Nxf1 29. Qxf1 b5 30. a4 Rh2 31. c3 Ne3 32. Qg1 Nxd5 33. Qxh2 Nxc3 34. d5 Nxd5+ 35. Kb1 Nc3+ 36. bxc3 Qxb3+ 0-1

[Event "Wuerttemberg-ch Cand"]
[Site "Lindau"]
[Date "2009.09.02"]
[Round "5"]
[White "Rueger, Alexander"]
[Black "Pogan, Sebastian"]
[Result "1/2-1/2"]
[WhiteElo "2006"]
[BlackElo "1906"]
[PlyCount "43"]
[EventDate "2009.08.29"]
[EventType "swiss"]
[EventRounds "9"]
[EventCountry "GER"]
[SourceTitle "EXT 2023"]
[Source "ChessBase"]
[SourceDate "2022.10.05"]
[SourceVersion "1"]
[SourceVersionDate "2022.10.05"]
[SourceQuality "1"]

1. d4 d5 2. c4 c6 3. Nf3 Nf6 4. Nc3 g6 5. g3 Bg7 6. Bg2 0-0 7. 0-0 Nbd7 8. cxd5 cxd5 9. Bf4 a6 10. Qb3 e6 11. Na4 b5 12. Nc5 Nxc5 13. dxc5 Ne4 14. Rac1 Qe7 15. Rfd1 Rd8 16. c6 Nd6 17. Qb4 f6 18. Nd4 Bf8 19. c7 Re8 20. Bxd6 Qxd6 21. Qa5 Bb7 22. Rc2 1/2-1/2